00459nam a22001457a 4500003000800000005001700008008004100025040003000066082001800096245010100114260004100215300002100256500001900277650001700296BD-DhUL20170420085801.0170420b xxu||||| |||| 00| 0 eng d aBD-DhULcBD-DhULdBD-DhUL a329.0209bHOF aThe idea of a party system :bthe rise of legitimate opposition in the united states,1780-1840 / aLondon :bUniversity press :cc1969. a280 p. :c25 cm. aincludes index 0aparty system